Geography Quiz

Random Geography or World Quiz

Country Name Slot Machine Quiz Stats

Quiz Updated Sep 20, 2015

Score 0/30 Timer 03:00
3 Plays Today
% Correct
Hun
91.1%
Sri
88.8%
Fr
88.4%
Por
86.3%
Tha
82.1%
Uk
80.2%
Cam
78.3%
Tu
78.2%
Au
77.3%
Dj
73.4%
Ec
72.9%
No
68.6%
Ur
67.6%
De
67.4%
Bar
64.4%
% Correct
Gr
61.9%
Ir
60.1%
Er
58.5%
Bur
57.6%
An
57.5%
Bo
49.9%
Se
49.2%
Ca
47.9%
Tu
47%
Be
44%
Br
40.1%
Co
39.7%
Me
37.1%
Ma
33.4%
Gu
32.7%

You're not logged in!

Compare scores with friends on all Sporcle quizzes.
Join for Free
OR
Log In

You Might Also Like...

Show Comments

Extras

Top Quizzes Today


Score Distribution

Your Account Isn't Verified!

In order to create a playlist on Sporcle, you need to verify the email address you used during registration. Go to your Sporcle Settings to finish the process.

Report this User

Report this user for behavior that violates our Community Guidelines.

Details: